000 00884nam a2200229Ii 4500
003 JO-AjNU
008 230605s9999||||xx |||||||||||||| ||und||
017 _a2000/2980
020 _a977-5411-17-3
040 _aJO-AjNU
_bara
_erda
_cJO-AjNU
041 _aara
050 1 4 _aDT70 2002
100 3 _aحسنين، عادل,
_eauthor
_919047
245 0 0 _aمصر والمصريون : من حرب الإستنزاف الى العبور العظيم، ج3
250 _aط1
264 3 1 _aالقاهرة: دار أمادو للنشر، 2002
300 _aج3، 436-650ص
_bمراجع الجزء الثالث ص 608 ؛ فهرس الاحداث ص 609-614 ؛ مصر والمصريون في صور ص615-650
336 _atext
_btxt
_2rdacontent
337 _aunmediated
_bn
_2rdamedia
338 _avolume
_bnc
_2rdacarrier
650 4 _aمصر- تاريخ- حرب الاستنزاف
_919048
999 _aA6205
_c9773
_d9773